[Event "World Rapid 2017"]
[Site "Riyadh KSA"]
[Date "2017.12.26"]
[Round "4.64"]
[White "Bukannan, Ahmed A"]
[Black "Al Abdali, Zeyad Saleh"]
[Result "1-0"]
[WhiteElo "1929"]
[BlackElo "1801"]
[WhiteFideId "21504164"]
[BlackFideId "21501505"]
[EventDate "2017.12.26"]

1. d4 Nf6 2. Nf3 c5 3. c3 b6 4. Bf4 d6 5. e3 e6 6. Nbd2 Be7 7. h3 Bb7 8. Be2
Nbd7 9. O-O O-O 10. Nc4 Nb8 11. a4 Nc6 12. dxc5 dxc5 13. Qc2 a6 14. Rfd1 Qe8 15.
Nxb6 Rd8 16. Nc4 Rd5 17. Nd6 Qa8 18. Nxb7 Qxb7 19. Rxd5 Nxd5 20. Bg3 f5 21. Rb1
f4 22. exf4 Nxf4 23. Bxf4 Rxf4 24. Bd3 h6 25. Qe2 Qc8 26. Bxa6 Qc7 27. Qxe6+ Kh8
28. Bc4 Rf8 29. Rd1 Nd8 30. Qd7 Qxd7 31. Rxd7 Bf6 32. Bd5 Re8 33. Kf1 Kh7 34. a5
Ne6 35. a6 Nf4 36. Bc4 Ra8 37. a7 Bd8 38. Ne5 Bb6 39. h4 Bxa7 40. g3 Nh5 41.
Bd3+ Kg8 42. Be4 Re8 43. Bd5+ Kh7 44. Ng4 Bb8 45. Bf7 Nf6 46. Nxf6+ gxf6 47.
Bxe8+ Kg8 48. Rd5 Kf8 49. Rxc5 Bd6 50. Rd5 Be5 51. Bg6 Ke7 52. Bf5 Ke8 53. f4
Bc7 54. b4 Bb6 55. c4 Be3 56. b5 Ke7 57. Rd7+ Ke8 58. Rd5 Ke7 59. c5 Ke8 60. b6 1-0

[Event "World Rapid 2017"]
[Site "Riyadh KSA"]
[Date "2017.12.26"]
[Round "4.65"]
[White "Masrahi, Abdulrahman A"]
[Black "Al Juhani, Bakr"]
[Result "1-0"]
[WhiteTitle "CM"]
[WhiteElo "1962"]
[BlackElo "1854"]
[WhiteFideId "21501564"]
[BlackFideId "21500185"]
[EventDate "2017.12.26"]

1. d4 Nf6 2. Bf4 g6 3. e3 Bg7 4. h3 d6 5. Nf3 O-O 6. Be2 c5 7. c3 b6 8. O-O Bb7
9. Nbd2 Nbd7 10. Bh2 Re8 11. a4 a6 12. Nc4 Rb8 13. b4 Ne4 14. Qb3 Bd5 15. Qb2 b5
16. axb5 axb5 17. Ncd2 Nxd2 18. Qxd2 c4 19. Ra5 Nf6 20. Rfa1 Ne4 21. Qc1 Qd7 22.
Nd2 Nf6 23. Ra7 Qf5 24. f3 Qg5 25. e4 Bc6 26. f4 Qh4 27. d5 Bb7 28. Nf3 Qh6 29.
Qc2 Nh5 30. Qd2 Nf6 31. Ng5 Nd7 32. Bg3 Nb6 33. Bf2 Na4 34. Bd4 Bc8 35. Bd1
Bxd4+ 36. Qxd4 Nb6 37. R1a5 Nd7 38. Rc7 Qg7 39. Nf3 Nf6 40. Raa7 Kf8 41. e5 dxe5
42. fxe5 1-0

[Event "World Rapid 2017"]
[Site "Riyadh KSA"]
[Date "2017.12.26"]
[Round "4.66"]
[White "Al Mahmood, Salman"]
[Black "Miswadah, Baha"]
[Result "0-1"]
[WhiteElo "1593"]
[BlackElo "1877"]
[WhiteFideId "11201517"]
[BlackFideId "11502118"]
[EventDate "2017.12.26"]

1. e4 c5 2. d4 cxd4 3. c3 dxc3 4. Nxc3 e6 5. Nf3 a6 6. Bc4 b5 7. Bb3 Bb7 8. Qe2
Be7 9. O-O Nc6 10. e5 d5 11. exd6 Qxd6 12. Rd1 Qc7 13. Be3 Nf6 14. Rac1 O-O 15.
Bg5 Rad8 16. Bc2 h6 17. Bh4 Rxd1+ 18. Rxd1 Nb4 19. Bb3 Rd8 20. Bg3 Rxd1+ 21.
Qxd1 Qd7 22. Qxd7 Nxd7 23. a4 Nc5 24. Bd1 Nbd3 25. axb5 axb5 26. Nxb5 Nxb2 27.
Be2 Ba6 28. Nbd4 Bxe2 29. Nxe2 Ne4 30. Be5 Nd3 31. Bd4 f6 32. Nc3 Ndxf2 33. Nxe4
Nxe4 34. Ne1 Kf7 35. Nd3 e5 36. Be3 Ke6 37. Nb2 Bc5 38. Bxc5 Nxc5 39. Nc4 f5 40.
Kf1 g5 41. Ke2 e4 42. Nb6 Nd3 43. g3 Nc5 44. Ke3 Nd7 45. Nc4 Ne5 46. Nd2 Ng4+
47. Kd4 Nxh2 0-1

[Event "World Rapid 2017"]
[Site "Riyadh KSA"]
[Date "2017.12.26"]
[Round "4.67"]
[White "Salama, Taher"]
[Black "Al Bargi, Hassan M"]
[Result "1-0"]
[WhiteElo "1769"]
[BlackElo "1579"]
[WhiteFideId "11502231"]
[BlackFideId "21501475"]
[EventDate "2017.12.26"]

1. d4 d5 2. c4 c6 3. e3 Nf6 4. Nc3 e6 5. Nf3 Nbd7 6. Bd3 dxc4 7. Bxc4 b5 8. Bd3
Be7 9. O-O O-O 10. Qe2 Bb7 11. Rd1 a6 12. a3 c5 13. dxc5 Bxc5 14. b3 Qe7 15. Bb2
Rac8 16. Nd4 Rfd8 17. Nf3 Nf8 18. b4 Ba7 19. Rd2 Nd5 20. Nxd5 Bxd5 21. Nd4 Bxd4
22. Bxd4 e5 23. Bb2 f6 24. Bf5 Bc4 25. Qe1 Rxd2 26. Qxd2 Rd8 27. Qc3 Qd6 28. h3
Qd2 29. Qxd2 Rxd2 30. Bc3 Rd6 31. f3 Nd7 32. Kf2 Nb6 33. Ke1 Na4 34. Bd2 Bd3 35.
e4 Nb6 36. Be3 g6 37. Bc5 Rd8 38. Bxb6 Rb8 39. Be6+ Kg7 40. Bc5 Rd8 41. Rd1 1-0

[Event "World Rapid 2017"]
[Site "Riyadh KSA"]
[Date "2017.12.26"]
[Round "5.1"]
[White "Carlsen, Magnus"]
[Black "Kasimdzhanov, Rustam"]
[Result "1-0"]
[WhiteTitle "GM"]
[BlackTitle "GM"]
[WhiteElo "2837"]
[BlackElo "2683"]
[WhiteFideId "1503014"]
[BlackFideId "14200244"]
[EventDate "2017.12.26"]

1. e4 c5 2. Nf3 e6 3. d4 cxd4 4. Nxd4 Nc6 5. Nc3 Qc7 6. g4 a6 7. h4 b5 8. Nxc6
dxc6 9. Qf3 e5 10. g5 Be6 11. Bh3 Bxh3 12. Rxh3 Bc5 13. Bd2 O-O-O 14. O-O-O f6
15. h5 fxg5 16. Bxg5 Rxd1+ 17. Nxd1 Qd7 18. Qb3 Nf6 19. Rd3 Qg4 20. Be3 Bxe3+
21. Nxe3 Qxe4 22. Qe6+ Kb8 23. h6 Qh1+ 24. Rd1 Qxh6 25. Qxc6 1-0

[Event "World Rapid 2017"]
[Site "Riyadh KSA"]
[Date "2017.12.26"]
[Round "5.4"]
[White "Ponkratov, Pavel"]
[Black "Svidler, Peter"]
[Result "1/2-1/2"]
[WhiteTitle "GM"]
[BlackTitle "GM"]
[WhiteElo "2613"]
[BlackElo "2765"]
[WhiteFideId "4157800"]
[BlackFideId "4102142"]
[EventDate "2017.12.26"]

1. e4 e5 2. Nf3 Nc6 3. d4 exd4 4. Nxd4 Nf6 5. Nxc6 bxc6 6. e5 Qe7 7. Qe2 Nd5 8.
c4 Ba6 9. Nd2 g6 10. Nf3 Qb4+ 11. Kd1 Rb8 12. Qc2 Ne7 13. a3 Qb6 14. b4 c5 15.
Bd3 cxb4 16. axb4 Bb7 17. b5 Bg7 18. Re1 O-O 19. Be3 Qe6 20. Rxa7 Qg4 21. Bc5
Qxg2 22. Be4 Bxe4 23. Qxe4 d6 24. Rg1 Qh3 25. exd6 cxd6 26. Rxe7 dxc5 27. Qg4
Qh6 28. Qg5 Qh3 29. Qg4 Qh6 30. Qg5 Qh3 1/2-1/2

[Event "World Rapid 2017"]
[Site "Riyadh KSA"]
[Date "2017.12.26"]
[Round "5.5"]
[White "McShane, Luke J"]
[Black "Jobava, Baadur"]
[Result "0-1"]
[WhiteTitle "GM"]
[BlackTitle "GM"]
[WhiteElo "2640"]
[BlackElo "2690"]
[WhiteFideId "404853"]
[BlackFideId "13601520"]
[EventDate "2017.12.26"]

1. e4 e5 2. Nf3 Nf6 3. Nxe5 d6 4. Nf3 Nxe4 5. Qe2 Qe7 6. d3 Nf6 7. Bg5 Nbd7 8.
Nc3 h6 9. Be3 Nb6 10. h3 Bd7 11. O-O-O O-O-O 12. d4 Bc6 13. Qd3 Bxf3 14. Qf5+
Kb8 15. Qxf3 d5 16. Bf4 Ne4 17. Re1 Qb4 18. a3 Qa5 19. Re3 Ng5 20. Qg3 Bd6 21.
Be2 Ne6 22. Bxd6 Rxd6 23. Rd1 a6 24. f4 g5 25. fxg5 hxg5 26. Rf3 Rh4 27. Rxf7
Rxd4 28. Re1 Rf4 29. Bg4 Rxf7 30. Bxe6 Re7 31. Qxg5 Nc8 32. Qf5 Qb6 33. Nxd5
Rexe6 34. Rxe6 Qg1+ 35. Kd2 Qxg2+ 36. Kc3 Rxd5 37. Qh7 Rc5+ 38. Kb4 Rxc2 0-1

[Event "World Rapid 2017"]
[Site "Riyadh KSA"]
[Date "2017.12.26"]
[Round "5.6"]
[White "Sargissian, Gabriel"]
[Black "Rapport, Richard"]
[Result "0-1"]
[WhiteTitle "GM"]
[BlackTitle "GM"]
[WhiteElo "2672"]
[BlackElo "2707"]
[WhiteFideId "13300881"]
[BlackFideId "738590"]
[EventDate "2017.12.26"]

1. d4 Nf6 2. Nf3 b6 3. c4 Bb7 4. e3 g6 5. Nc3 Bg7 6. Be2 O-O 7. O-O d6 8. b4 e5
9. dxe5 Nfd7 10. Bb2 Nxe5 11. Nxe5 Bxe5 12. Bf3 Bxf3 13. Qxf3 Na6 14. a3 Qh4 15.
g3 Qxc4 16. Rfc1 Qb3 17. Rab1 c5 18. Ba1 Qxa3 19. Nd5 Nxb4 20. Nf6+ Kg7 21. Bxe5
dxe5 22. Nd7 Rfe8 23. Qf6+ Kg8 24. Nxe5 Qa2 25. Ng4 Qe6 26. Rxb4 cxb4 27. Qd4
Rad8 28. Nf6+ Kh8 29. Qh4 h5 30. Qg5 Kg7 31. Nxh5+ Kf8 32. Qh6+ Ke7 33. Qg5+ Kf8
34. Qh6+ Ke7 35. Qg5+ f6 36. Qxg6 Rc8 37. Ra1 a5 38. Ng7 Rg8 39. Qh7 Qg4 40.
Nf5+ Ke6 41. Nd4+ Kd6 42. Qb7 Rb8 43. Qc6+ Ke7 44. e4 Rgc8 45. Qd5 Rc5 46. Nc6+
Rxc6 47. Qxc6 Qd7 48. Qc1 Rc8 49. Qe3 Qd6 50. Qh6 Qd4 51. Qh7+ Kd6 52. Re1 b3
53. e5+ fxe5 54. Qg6+ Kc7 55. Qf7+ Kb8 56. Qxb3 a4 57. Qb5 a3 58. Re2 Rc1+ 59.
Kg2 Rc7 60. h4 Qc5 61. Qd3 Ra7 62. Qd8+ Kb7 63. Qd7+ Qc7 64. Qxc7+ 0-1

[Event "World Rapid 2017"]
[Site "Riyadh KSA"]
[Date "2017.12.26"]
[Round "5.7"]
[White "Petrosian, Tigran L."]
[Black "Kuzubov, Yuriy"]
[Result "0-1"]
[WhiteTitle "GM"]
[BlackTitle "GM"]
[WhiteElo "2601"]
[BlackElo "2699"]
[WhiteFideId "13301616"]
[BlackFideId "14112906"]
[EventDate "2017.12.26"]

1. Nf3 d5 2. g3 g6 3. Bg2 Bg7 4. O-O Nf6 5. d3 O-O 6. Nbd2 Re8 7. e4 e5 8. c3
dxe4 9. dxe4 Nbd7 10. b4 a5 11. Bb2 Nb6 12. Qc2 Bd7 13. a3 Ba4 14. Qc1 Bh6 15.
c4 Nxe4 16. Nxe4 Bxc1 17. Raxc1 Bc6 18. Nxe5 Bxe4 19. Bxe4 axb4 20. Bxb7 Qd2 21.
Rb1 Rab8 22. Bc6 Re6 23. axb4 Qxb4 24. Ba1 Qe7 25. Rfe1 Rd8 26. Kf1 Qc5 27. Bb5
h5 28. Re2 c6 29. Ba6 Ra8 30. Nd3 Qf5 31. c5 Rxa6 32. cxb6 Qxd3 0-1

[Event "World Rapid 2017"]
[Site "Riyadh KSA"]
[Date "2017.12.26"]
[Round "5.8"]
[White "Leko, Peter"]
[Black "Wang, Yue"]
[Result "1/2-1/2"]
[WhiteTitle "GM"]
[BlackTitle "GM"]
[WhiteElo "2691"]
[BlackElo "2690"]
[WhiteFideId "703303"]
[BlackFideId "8601429"]
[EventDate "2017.12.26"]

1. e4 e5 2. Nf3 Nf6 3. Nxe5 d6 4. Nf3 Nxe4 5. d4 d5 6. Bd3 Nd6 7. O-O Be7 8. Bf4
O-O 9. Re1 Re8 10. Nc3 c6 11. Ne2 Nd7 12. Ng3 Nf8 13. c3 Ng6 14. Bd2 Nh4 15.
Nxh4 Bxh4 16. Rxe8+ Nxe8 17. Qf3 g6 18. Re1 Ng7 19. Bf4 Bd7 20. Be5 Qg5 1/2-1/2

[Event "World Rapid 2017"]
[Site "Riyadh KSA"]
[Date "2017.12.26"]
[Round "5.9"]
[White "Mamedov, Rauf"]
[Black "Fressinet, Laurent"]
[Result "0-1"]
[WhiteTitle "GM"]
[BlackTitle "GM"]
[WhiteElo "2709"]
[BlackElo "2662"]
[WhiteFideId "13401653"]
[BlackFideId "608742"]
[EventDate "2017.12.26"]

1. e4 e5 2. Nf3 Nc6 3. Bc4 Nf6 4. d3 Bc5 5. c3 a6 6. a4 d6 7. Bg5 Ba7 8. Nbd2 h6
9. Bh4 g5 10. Bg3 O-O 11. Qc2 Nh5 12. O-O-O Kg7 13. Nf1 f5 14. exf5 Bxf5 15. Ne3
Bg6 16. Bd5 Qd7 17. Qb3 Rab8 18. Be4 Bxe3+ 19. fxe3 Bxe4 20. dxe4 Qf7 21. Qc2 b5
22. Rhf1 Qa2 23. axb5 Rxb5 24. b4 Qxc2+ 25. Kxc2 a5 26. Rd5 Rfb8 27. Nxe5 Nxe5
28. Bxe5+ dxe5 29. Rd7+ Kg8 30. bxa5 Rxa5 31. g4 Ng7 32. Rf6 Ra2+ 33. Kd3 Rb6
34. Rff7 Rd6+ 35. Rxd6 cxd6 36. Rf6 Rxh2 37. Rxd6 Kf7 38. Kc4 Ne6 39. Rd1 Re2
40. Kd5 Rxe3 41. Kxe5 Nf8 42. Rf1+ Ke7 43. Rh1 Rxc3 44. Rxh6 Rc5+ 45. Kd4 Ra5
46. e5 Ra4+ 47. Kd5 Rxg4 48. Ra6 Rg1 49. Ke4 Rf1 50. Ra7+ Nd7 51. Ra5 Rf4+ 52.
Kd5 g4 53. Ra6 Rf5 54. Ke4 Rg5 55. Kf4 Rg8 56. Ra3 Nc5 57. Rg3 Ne6+ 58. Kf5 Rg5+
59. Ke4 Kf7 60. Rg2 Kg6 61. Rf2 g3 62. Rg2 Kh5 63. Kf3 Kh4 64. Rg1 Rf5+ 65. Ke4
Rf2 66. Ke3 Kg4 67. Ra1 Rf3+ 68. Ke4 Ng5+ 69. Kd5 g2 70. e6 0-1

[Event "World Rapid 2017"]
[Site "Riyadh KSA"]
[Date "2017.12.26"]
[Round "5.10"]
[White "Safarli, Eltaj"]
[Black "Bu, Xiangzhi"]
[Result "1/2-1/2"]
[WhiteTitle "GM"]
[BlackTitle "GM"]
[WhiteElo "2639"]
[BlackElo "2730"]
[WhiteFideId "13402129"]
[BlackFideId "8601445"]
[EventDate "2017.12.26"]

1. e4 e5 2. Nf3 Nc6 3. Bb5 a6 4. Ba4 Nf6 5. O-O Bc5 6. Nc3 O-O 7. Bxc6 dxc6 8.
h3 Re8 9. d3 Nd7 10. Bg5 f6 11. Be3 Bf8 12. Ne2 Nc5 13. Nd2 1/2-1/2

[Event "World Rapid 2017"]
[Site "Riyadh KSA"]
[Date "2017.12.26"]
[Round "5.11"]
[White "Ni, Hua"]
[Black "Movsesian, Sergei"]
[Result "1/2-1/2"]
[WhiteTitle "GM"]
[BlackTitle "GM"]
[WhiteElo "2671"]
[BlackElo "2647"]
[WhiteFideId "8601160"]
[BlackFideId "310204"]
[EventDate "2017.12.26"]

1. d4 Nf6 2. c4 e6 3. g3 d5 4. Nf3 Be7 5. Bg2 O-O 6. O-O dxc4 7. Qc2 a6 8. a4
Bd7 9. Qxc4 Bc6 10. Bg5 Nbd7 11. Nc3 h6 12. Bxf6 Nxf6 13. Rfe1 Bd5 14. Qd3 Bxf3
15. Bxf3 1/2-1/2

[Event "World Rapid 2017"]
[Site "Riyadh KSA"]
[Date "2017.12.26"]
[Round "5.12"]
[White "Quparadze, Giga"]
[Black "Bortnyk, Olexandr"]
[Result "1/2-1/2"]
[WhiteTitle "GM"]
[BlackTitle "GM"]
[WhiteElo "2506"]
[BlackElo "2610"]
[WhiteFideId "13602250"]
[BlackFideId "14120828"]
[EventDate "2017.12.26"]

1. e4 e5 2. Nf3 Nc6 3. Bb5 Bc5 4. Bxc6 dxc6 5. O-O Bg4 6. h3 Bh5 7. d3 f6 8. Be3
Bd6 9. Nbd2 Ne7 10. c3 b6 11. d4 O-O 12. dxe5 fxe5 13. Qb3+ Kh8 14. Ng5 Qc8 15.
Qe6 Qe8 16. Kh2 h6 17. Ngf3 Bf7 18. Qg4 Ng6 19. Nh4 Ne7 20. Nf5 Nxf5 21. exf5
e4+ 22. g3 Bh5 23. Qxe4 Qd7 24. Qe6 Qxe6 25. fxe6 Rae8 26. Nc4 Rxe6 27. Nxd6
cxd6 28. a4 Bf3 29. a5 c5 30. axb6 axb6 31. Rfe1 d5 32. b4 Rc8 33. bxc5 bxc5 34.
g4 Be4 35. Ra5 Rec6 36. Rea1 Kh7 37. Rb5 R6c7 38. Raa5 c4 39. Ra2 Rf7 40. Ra7
Rxa7 41. Bxa7 Rf8 42. Bd4 Rf7 43. Ra5 h5 44. gxh5 Kh6 45. Ra7 1/2-1/2

[Event "World Rapid 2017"]
[Site "Riyadh KSA"]
[Date "2017.12.26"]
[Round "5.13"]
[White "Alekseev, Evgeny"]
[Black "Bosiocic, Marin"]
[Result "1/2-1/2"]
[WhiteTitle "GM"]
[BlackTitle "GM"]
[WhiteElo "2616"]
[BlackElo "2624"]
[WhiteFideId "4138147"]
[BlackFideId "14507927"]
[EventDate "2017.12.26"]

1. e4 e5 2. Nf3 Nc6 3. Bb5 Nf6 4. O-O Nxe4 5. d4 Nd6 6. Bxc6 dxc6 7. dxe5 Nf5 8.
Qxd8+ Kxd8 9. Nc3 Ke8 10. h3 h5 11. Bf4 Be7 12. Rad1 Be6 13. Ng5 Rh6 14. Nxe6
Rxe6 15. Rfe1 Bb4 16. Rd3 Bxc3 17. bxc3 Ne7 18. Kf1 Nd5 19. Bh2 b5 20. g4 hxg4
21. hxg4 Rh6 22. Kg2 g5 23. Re4 Rd8 24. Rf3 Ke7 25. c4 bxc4 26. Rxc4 Nb6 27. Rc5
Rd4 28. Ra3 Rxg4+ 29. Bg3 Nc8 30. Rac3 Kd7 31. Rf3 Ke8 32. Rfc3 Kd7 33. Rf3 Ke8
34. Rfc3 1/2-1/2

[Event "World Rapid 2017"]
[Site "Riyadh KSA"]
[Date "2017.12.26"]
[Round "5.14"]
[White "Kravtsiv, Martyn"]
[Black "Vidit, Santosh Gujrathi"]
[Result "1-0"]
[WhiteTitle "GM"]
[BlackTitle "GM"]
[WhiteElo "2672"]
[BlackElo "2715"]
[WhiteFideId "14113147"]
[BlackFideId "5029465"]
[EventDate "2017.12.26"]

1. e4 c5 2. Nf3 e6 3. d4 cxd4 4. Nxd4 Nf6 5. Nc3 Nc6 6. Ndb5 d6 7. Bf4 e5 8. Bg5
a6 9. Na3 b5 10. Nd5 Be7 11. Bxf6 Bxf6 12. c4 b4 13. Nc2 a5 14. g3 O-O 15. Bg2
g6 16. O-O Bg7 17. b3 Rb8 18. Qd2 Be6 19. Rad1 Rb7 20. Kh1 a4 21. f4 axb3 22.
axb3 Nd4 23. Nxd4 exd4 24. e5 dxe5 25. fxe5 Bxe5 26. Nf6+ Bxf6 27. Bxb7 Qe7 28.
Bg2 Rd8 29. Qd3 Bg5 30. Ra1 Be3 31. Ra5 Bf5 32. Raxf5 gxf5 33. Qxf5 Qe6 34. Qa5
Rd7 35. c5 Qe5 36. Qxb4 Rc7 37. Qb8+ Kg7 38. b4 d3 39. Qd8 d2 40. c6 Ra7 41. Qd5
Qxd5 42. Bxd5 f5 43. b5 Kf6 44. Kg2 Ke5 45. Bb3 Bb6 46. Rb1 Kd4 47. Kf3 Re7 48.
Bd1 Re1 49. Ra1 Kc3 50. Rb1 Rf1+ 51. Kg2 Rg1+ 52. Kf3 h6 53. Kf4 Rf1+ 54. Ke5
Bc7+ 55. Ke6 Kd4 56. Kd7 Bb6 57. c7 Bxc7 58. Kxc7 1-0

[Event "World Rapid 2017"]
[Site "Riyadh KSA"]
[Date "2017.12.26"]
[Round "5.16"]
[White "Harikrishna, Pentala"]
[Black "Ivanchuk, Vassily"]
[Result "1-0"]
[WhiteTitle "GM"]
[BlackTitle "GM"]
[WhiteElo "2744"]
[BlackElo "2726"]
[WhiteFideId "5007003"]
[BlackFideId "14100010"]
[EventDate "2017.12.26"]

1. e4 e5 2. Nf3 Nc6 3. Bb5 a6 4. Ba4 Nf6 5. O-O Be7 6. Re1 b5 7. Bb3 d6 8. c3
O-O 9. h3 Bb7 10. d4 Re8 11. Nbd2 Bf8 12. a3 h6 13. Bc2 Nb8 14. b3 Nbd7 15. Bb2
c5 16. d5 Bc8 17. a4 Rb8 18. axb5 axb5 19. Bd3 Nh5 20. Bf1 g6 21. Nh2 Ng7 22.
Bd3 Nf6 23. Qe2 Bd7 24. Qe3 Ngh5 25. Bf1 Nh7 26. c4 b4 27. Ng4 Ng5 28. Be2 Bg7
29. Ra7 Nf4 30. h4 Nh7 31. g3 Nxe2+ 32. Qxe2 f5 33. Ne3 Ra8 34. Rea1 Rxa7 35.
Rxa7 Rf8 36. f4 exf4 37. Bxg7 Kxg7 38. gxf4 fxe4 39. Nxe4 Rxf4 40. Ng2 Rf7 41.
Nxd6 Re7 42. Ne4 Qb6 43. Qb2+ Kg8 44. Ra8+ Re8 45. Rxe8+ Bxe8 46. Qe5 Bd7 47. d6
Bf5 48. Qe8+ Kg7 49. d7 1-0

[Event "World Rapid 2017"]
[Site "Riyadh KSA"]
[Date "2017.12.26"]
[Round "5.18"]
[White "Korobov, Anton"]
[Black "Moiseenko, Alexander"]
[Result "1/2-1/2"]
[WhiteTitle "GM"]
[BlackTitle "GM"]
[WhiteElo "2652"]
[BlackElo "2667"]
[WhiteFideId "14105730"]
[BlackFideId "14102560"]
[EventDate "2017.12.26"]

1. d4 Nf6 2. c4 e6 3. Nf3 Bb4+ 4. Nbd2 O-O 5. a3 Be7 6. e4 d6 7. Be2 Nfd7 8. Nb1
e5 9. Nc3 exd4 10. Nxd4 Nc6 11. O-O Nxd4 12. Qxd4 Bf6 13. Qe3 c6 14. Rb1 Qe7 15.
Rd1 Rd8 16. Qg3 Ne5 17. f4 Ng6 18. Bd3 h5 19. h3 h4 20. Qf2 b6 21. Bd2 Bb7 22.
Re1 Qc7 23. Kh1 Re8 24. Ne2 Rad8 25. Nd4 a6 26. Nf5 b5 27. cxb5 axb5 28. Bc3
Bxc3 29. bxc3 Qa5 30. c4 Qxa3 31. Re3 Qc5 32. cxb5 Bc8 33. Rbe1 cxb5 34. Nxh4 b4
35. e5 Nf8 36. Qg3 dxe5 37. fxe5 b3 38. Bb1 b2 39. R3e2 Qc1 40. Kh2 Rd1 41. Rxd1
Qxd1 42. Rxb2 Be6 43. Nf3 Bd5 44. Ng5 Qd4 45. Rb5 Bc6 46. Ba2 Bxb5 47. Bxf7+ Kh8
48. Nf3 Qe4 49. Bxe8 Bxe8 50. Ng5 Qf5 51. Qh4+ Kg8 52. Qc4+ Bf7 53. Nxf7 Qxf7
54. Qe4 Ne6 55. Kg3 g6 56. h4 Kg7 57. Kh3 Qf2 58. g3 Nd4 59. e6 Qf5+ 60. Qxf5
Nxf5 61. g4 Nd4 62. h5 Nxe6 1/2-1/2

[Event "World Rapid 2017"]
[Site "Riyadh KSA"]
[Date "2017.12.26"]
[Round "5.19"]
[White "Demchenko, Anton"]
[Black "Yu, Yangyi"]
[Result "1/2-1/2"]
[WhiteTitle "GM"]
[BlackTitle "GM"]
[WhiteElo "2660"]
[BlackElo "2751"]
[WhiteFideId "4160258"]
[BlackFideId "8603820"]
[EventDate "2017.12.26"]

1. e4 Nf6 2. e5 Nd5 3. d4 d6 4. Nf3 dxe5 5. Nxe5 c6 6. Be2 Bf5 7. O-O Nd7 8. Nf3
e6 9. c4 N5f6 10. Nc3 Bd6 11. Nh4 Bg6 12. g3 O-O 13. Be3 Ne4 14. Nxg6 Nxc3 15.
bxc3 hxg6 16. Rb1 b6 17. Qa4 Qc7 18. Rfd1 Rfc8 19. Rd2 Nf6 20. Bf3 Nd7 21. Rdb2
Rab8 22. c5 Be7 23. Bf4 e5 24. Be3 Bf6 25. Rb3 Be7 26. Qc4 Qd8 27. Bg4 b5 28.
Qe2 Rc7 29. Bxd7 Qxd7 30. dxe5 Rd8 31. c4 a6 32. a4 bxa4 33. Ra3 Qf5 34. Re1
Qxe5 35. Rxa4 Ra7 36. Rea1 a5 37. Kg2 Rda8 38. Qf3 Ra6 39. Qf4 Qxf4 40. gxf4 Bf6
41. R1a2 Bc3 42. Bd2 Bd4 43. Rxa5 Rxa5 44. Rxa5 Rxa5 45. Bxa5 Bxc5 46. Kf3 f6
47. Bd2 Kf7 48. Be3 Bb4 49. Ke4 Ke6 50. h3 Be7 51. Bd4 Bd6 52. Be3 Ba3 53. Bd4
Bb4 54. Be3 Bc3 55. Bc5 Bd2 56. Bf8 f5+ 57. Kf3 Kf7 58. Bc5 Bc3 59. Ke3 Bf6 60.
Kf3 g5 61. fxg5 Bxg5 62. Kg3 Bf6 63. f4 Ke6 64. Kf3 g6 65. Ke3 Bh4 66. Kd3 Bg3
67. Be3 Kd6 68. Kd4 Bh4 69. Kd3 Kc7 70. Kc3 Kb7 71. Kb3 Ka6 72. Ka4 Bf6 73. Kb4
Kb7 74. Kb3 Be7 1/2-1/2

[Event "World Rapid 2017"]
[Site "Riyadh KSA"]
[Date "2017.12.26"]
[Round "5.20"]
[White "Bocharov, Dmitry"]
[Black "Onischuk, Vladimir"]
[Result "0-1"]
[WhiteTitle "GM"]
[BlackTitle "GM"]
[WhiteElo "2583"]
[BlackElo "2637"]
[WhiteFideId "4138716"]
[BlackFideId "14114038"]
[EventDate "2017.12.26"]

1. d4 d6 2. e4 Nf6 3. f3 e5 4. d5 c6 5. c4 Be7 6. Nc3 O-O 7. Be3 a5 8. Nge2 Na6
9. Nc1 Bd7 10. Be2 cxd5 11. cxd5 Nh5 12. O-O Bg5 13. Qd2 Bxe3+ 14. Qxe3 Nf4 15.
Nd3 Nxe2+ 16. Nxe2 b5 17. Rfc1 b4 18. Ng3 Bb5 19. Nf2 Nc5 20. Nf5 Rc8 21. f4 f6
22. fxe5 fxe5 23. Ng4 g6 24. Ng3 Nd3 25. Rxc8 Qxc8 26. h3 Qc5 27. Qxc5 Nxc5 28.
Rc1 Rc8 29. Nf1 h5 30. Nf2 Rf8 31. Re1 Na4 32. Nd1 Rc8 33. Nfe3 Rc1 34. Kf2 Nc5
35. Kf3 Bd3 36. a3 b3 0-1

[Event "World Rapid 2017"]
[Site "Riyadh KSA"]
[Date "2017.12.26"]
[Round "5.22"]
[White "Dreev, Aleksey"]
[Black "Ponomariov, Ruslan"]
[Result "1/2-1/2"]
[WhiteTitle "GM"]
[BlackTitle "GM"]
[WhiteElo "2653"]
[BlackElo "2694"]
[WhiteFideId "4100107"]
[BlackFideId "14103320"]
[EventDate "2017.12.26"]

1. d4 d5 2. c4 dxc4 3. Nf3 a6 4. e3 b5 5. a4 Bb7 6. b3 Nf6 7. axb5 axb5 8. Rxa8
Bxa8 9. bxc4 bxc4 10. Bxc4 e6 11. O-O Nbd7 12. Nbd2 Be7 13. Qb3 O-O 14. Ba3 c5
15. Rc1 Bxf3 16. Nxf3 cxd4 17. Nxd4 Bxa3 18. Qxa3 Qa8 1/2-1/2

[Event "World Rapid 2017"]
[Site "Riyadh KSA"]
[Date "2017.12.26"]
[Round "5.23"]
[White "Li, Chao b"]
[Black "Riazantsev, Alexander"]
[Result "1/2-1/2"]
[WhiteTitle "GM"]
[BlackTitle "GM"]
[WhiteElo "2732"]
[BlackElo "2650"]
[WhiteFideId "8604436"]
[BlackFideId "4125029"]
[EventDate "2017.12.26"]

1. d4 Nf6 2. c4 e6 3. Nf3 d5 4. Nc3 c5 5. cxd5 Nxd5 6. e4 Nxc3 7. bxc3 cxd4 8.
cxd4 Bb4+ 9. Bd2 Bxd2+ 10. Qxd2 O-O 11. Rc1 b6 12. Bd3 Bb7 13. O-O Nd7 14. Qe3
Nf6 15. h3 Qe7 16. Nd2 Rfd8 17. Nc4 Qd7 18. e5 Ne8 19. Rfd1 Rac8 20. Bf1 Bd5 21.
Qa3 h6 22. Ne3 Ba8 23. Qa6 Qb7 24. Qa4 Rxc1 25. Rxc1 Nc7 26. Be2 Nd5 27. Nxd5
Qxd5 28. Bf3 Qa5 29. Qxa5 bxa5 30. Bxa8 Rxa8 31. g4 g5 32. Rd1 Rc8 33. d5 exd5
34. Rxd5 Rc3 35. Rxa5 Rxh3 36. Rxa7 Rc3 37. Ra4 Kf8 38. Kg2 Ke7 39. Ra6 Rc5 40.
Rxh6 Rxe5 41. Ra6 Re4 42. Kg3 Rc4 43. Ra3 f6 44. Rb3 Ra4 45. a3 Ke6 46. Rd3 f5
47. gxf5+ Kxf5 48. Kf3 g4+ 49. Ke2 Kf4 50. Rb3 Kg5 51. Ke3 Kf5 52. Kd2 Rf4 53.
Ke2 Ra4 54. Re3 Kg5 55. Kf1 Kh4 56. Rb3 Kg5 57. Ke1 Kf5 58. Rg3 Re4+ 59. Kf1 Rc4
60. Rb3 Kg5 61. Kg2 Kh4 62. Rb1 Ra4 63. Rb3 Ra5 64. Kf1 Ra4 65. Ke2 Re4+ 66. Kd1
Ra4 67. Rd3 Rf4 68. Rd2 Ra4 69. Ra2 g3 70. fxg3+ Kxg3 71. Kc2 Kf4 72. Kb3 Ra8
73. Re2 Rb8+ 74. Kc4 Ra8 75. Kb4 Rb8+ 76. Kc5 Rc8+ 77. Kb5 Rb8+ 78. Kc6 Rc8+ 79.
Kb6 Rb8+ 80. Kc7 Ra8 81. Ra2 Ra4 82. Kd6 Ke4 83. Kc5 Ke5 84. Ra1 Ke6 85. Kc6 Ke7
86. Re1+ Kd8 87. Re3 Rc4+ 88. Kb7 Rc7+ 89. Kb8 Rc8+ 90. Kb7 Rc7+ 91. Kb6 Rc1 92.
a4 Rb1+ 93. Ka7 Kc7 94. Rc3+ Kd7 95. a5 Rb2 96. Rh3 Kc7 97. Rh7+ Kc8 98. Rh6
Rb7+ 99. Ka6 Rb1 100. Rc6+ Kb8 101. Rf6 Ka8 102. Rf7 Rb7 1/2-1/2